000 00309nam a2200109Ia 4500
008 200302s9999 xx 000 0 und d
100 _aYves Weinand ed.
245 _aAdvanced timber structures: Architectural design and digital dimensioning
260 _bBirkhauser Verlag Gmbh
260 _c2018
300 _a237
999 _c6529
_d6529